Statistics for People in the Batman universe

Click here to take the quiz!

General Stats

  • This quiz has been taken 524 times
  • The average score is 13 of 15

Answer Stats

HintAnswer% Correct
The 'joking' villainThe Joker
100%
Batman's faithful butlerAlfred Pennyworth
99%
The feline jewel-theifCatwoman/Selena Kyle
99%
Batman's sidekickRobin/Tim Drake
99%
Batman's alter-egoBruce Wayne
98%
A former cryogenicist who now needs to keep his body at sub-zero temperaturesMr Freeze/Dr Victor Fries
97%
Flips a coin to decide his victims fateTwo Face/Harvey Dent
97%
Short, has a monocle, laughs like a certain animalThe Penguin/Oswald Cobblepot
95%
Formally Batman's sidekick, is now a solo vigilante that fights with two batonsNightwing/Dick Grayson
89%
One of Batman's only friends in the police departmentCommissioner Gordon
85%
The sewer-dwelling lizardKiller Croc
82%
The leader of the league of shadowsRa's al Ghul
79%
'Born on a Monday'Solomon Grundy
69%
Result of a military experiment gone wrong, is now a mercenaryDeathstroke/Slade Wilson
63%
Murders people and strips their face of its skinHush/Thomas Elliot
48%

Score Distribution

Percentile by Number Answered

Percent of People with Each Score

Your Score History

You have not taken this quiz